Listen up! = Luyện nghe tiếng Anh

Cung cấp các bài luyện nghe tiếng anh, hỗ trợ việc tự rèn luyện kỹ năng nghe tiếng anh cho mọi người

שמור ב:
מידע ביבליוגרפי
מחבר ראשי: McClintock, John
פורמט: ספר
שפה:Undetermined
יצא לאור: Thành phố Hồ Chí Minh Nhà xuất bản Thành phố Hồ Chí Minh 1995
נושאים:
תגים: הוספת תג
אין תגיות, היה/י הראשונ/ה לתייג את הרשומה!
Thư viện lưu trữ: Trung tâm Học liệu Trường Đại học Cần Thơ
LEADER 00881nam a2200229Ia 4500
001 CTU_30663
008 210402s9999 xx 000 0 und d
020 |b 16.000đ 
082 |a 428.24 
082 |b M127 
100 |a McClintock, John 
245 0 |a Listen up! = 
245 0 |b Luyện nghe tiếng Anh 
245 0 |c John McClintock, Borje Stern ; Dịch thuật: Hồ Văn Hiệp 
260 |a Thành phố Hồ Chí Minh 
260 |b Nhà xuất bản Thành phố Hồ Chí Minh 
260 |c 1995 
520 |a Cung cấp các bài luyện nghe tiếng anh, hỗ trợ việc tự rèn luyện kỹ năng nghe tiếng anh cho mọi người 
650 |a English language,English language 
650 |x Spoken English,Study and teaching 
904 |i Minh 
980 |a Trung tâm Học liệu Trường Đại học Cần Thơ